Normal view MARC view
  • Productividad laboral

Entry Materia

Number of records used in: 39

001 - NÚMERO DE CONTROL DEL REGISTRO

  • campo de control: 10358

003 - IDENTIFICADOR DE NUMERO DE CONTROL

  • campo de control: UPN

005 - FECHA Y HORA DE LA ÚLTIMA TRANSACCIÓN

  • campo de control: 20241010161740.0

008 - DATOS DE LONGITUD FIJA

  • campo de control de longitud fija: 220907n||acnnnbabn a ana |d

035 ## - NÚMERO DE CONTROL DEL SISTEMA

  • Número de control del sistema: UPN10000010365

040 ## - FUENTE DE LA CATALOGACIÓN

  • Centro catalogador de origen: UPN
  • Lengua de catalogación: spa
  • Agencia de transcripción: UPN

046 ## - FECHAS CON CODIFICACIÓN ESPECIAL

  • Fecha final para contenidos agregados: 2022

053 #4 - NÚMERO CLASIFICADOR - BIBLIOTECA DEL CONGRESO (LC)

  • Elemento numérico de la clasificación - Número único o no. inicial del rango: HD57

150 ## - ENCABEZAMIENTO - TEMÁTICO

  • Término de materia o nombre geográfico como elemento inicial: Productividad laboral

450 ## - VÉASE - MATERIA

  • Encabezamiento temático: Productividad del trabajo

450 ## - VÉASE - MATERIA

  • Encabezamiento temático: Productividad en el trabajo

450 ## - VÉASE - MATERIA

  • Encabezamiento temático: Trabajo
  • Subdivisión temática general: Productividad

670 ## - FUENTE EN LA QUE SE LOCALIZARON DATOS

  • Cita de la fuente: DGB UNAM, 7 septiembre 2022:
  • Información localizada: encabezamiento (Productividad laboral)

902 ## - CATALOGADOR

  • Catalogador: CAA/161005